000 00408nam a2200121Ia 4500
008 220216s9999 xx 000 0 und d
100 _aMcGraw James L
245 0 _aAchieving a higher standard in benchmarking: an IISRP perspective
260 _bProceedings of the International Rubber Forum Boca Del Rio, Veracruz, Mexico 7-8 October 1999.p85-90
650 _aBenchmarking
650 _aIISRP
942 _cJS
999 _c53751
_d53751